Příručka SMEP 1986

Gespeichert in:
Bibliographische Detailangaben
1. Verfasser: Vojtěch, Václav
Format: Buch
Sprache:Tschechisch
Veröffentlicht: Praha Národní organizace technické obsluhy 1986
Ausgabe:1. vyd.
Schriftenreihe:Výběr informací z organizační a výpočetní techniky
Tags: Tag hinzufügen
Keine Tags, Fügen Sie das erste Tag hinzu!

MARC

LEADER 00000nam a2200000 4500
001 c028657
005 20221207072549.6
041 0 |a cze 
044 |a CZ 
245 1 0 |a Příručka SMEP 1986  |c Václav Vojtěch a kol. 
250 |a 1. vyd. 
264 1 |a Praha  |b Národní organizace technické obsluhy  |c 1986 
300 |a 247 s. 
490 1 |a Výběr informací z organizační a výpočetní techniky 
830 0 |a Výběr informací z organizační a výpočetní techniky 
100 1 |a Vojtěch, Václav